JRA 中央競馬 リーディングサイアー - Statistics

General Stats
  • This quiz has been taken 99 times
    68 since last reset
  • The average score is 6 of 31
Answer Stats
内国産 父内国産 系統 英名 和名 % Correct
1995~2007 ヘイロー系 Sunday Silence サンデーサイレンス
98%
2012~2022 サンデーサイレンス系 Deep Impact ディープインパクト
94%
2010~2011 ミスタープロスペクター系 King Kamehameha キングカメハメハ
70%
1982~1988、1990~1992 ノーザンダンサー系 Northern Taste ノーザンテースト
51%
2024~2025 サンデーサイレンス系 Kizuna キズナ
43%
1994 ゼダーン系 Tony Bin トニービン
42%
2023 ミスタープロスペクター系 Duramente ドゥラメンテ
38%
2009 サンデーサイレンス系 Manhattan Cafe マンハッタンカフェ
34%
2008 サンデーサイレンス系 Agnes Tachyon アグネスタキオン
30%
1971、1976 ジェベル系 Partholon パーソロン
15%
1974~1975、1978~1979 プリンスリーギフト系 Tesco Boy テスコボーイ
13%
1941~1943、1946 オーム系 Diolite ダイオライト
9%
1973 ロックフェラ系 China Rock チヤイナロツク
9%
1961~1965、1967~1968 ボワルセル系 Hindostan ヒンドスタン
8%
1952~1957 ゲインズバラ系 Kumohata クモハタ
6%
1935~1940 ゲインズバラ系 Tournesol トウルヌソル
4%
1947~1951 ザテトラーク系 Theft セフト
4%
1969 ハーミット系 Guersant ガーサント
4%
1993 ロベルト系 Real Shadai リアルシヤダイ
4%
1924~1929 タッチストン系 Ebor イボア
2%
1930~1932 マッチェム系 Chapel Brampton チヤペルブラムプトン
2%
1934 サンドリッジ系 Shian Mor シアンモア
2%
1966 フェアウェイ系 Solonaway ソロナウエー
2%
1970、1972、1977 ナスルーラ系 Never Beat ネヴアービート
2%
1980~1981 グレイソヴリン系 Arrow Express アローエクスプレス
2%
1931~1932 エクリプス系 Perion ペリオン
0%
1933~1934 セントサイモン系 Clachmannan クラツクマンナン
0%
1940 オーム系 Review Order レヴユーオーダー
0%
1941 タッチストン系 Mint d'Or ミンドアー
0%
1958~1960 ベンドア系 Rising Flame ライジングフレーム
0%
1989 ミルリーフ系 Mill George ミルジヨージ
0%
No matching quizzes found
Score Distribution
Percent of People with Each Score
Percentile by Number Answered
Your Score History
You have not taken this quiz since the last reset